Word Ladder: Figure Skating Quiz Stats

Quiz Updated Sep 11, 2014

Challenge
Share
Tweet
Embed
Score 0/20 Timer 02:00
2 Plays Today
Hint 4-Letter Word % Correct
Green citrusLIME
95%
Largest African catLION
84.4%
Unable to walk after a skating fallLAME
77.2%
Simple snow or ice vehicleSLED
74.3%
Moved along the ice after a fallSLID
71.6%
Depict by painting or drawingLIMN
68.6%
Silliest birdLOON
66.1%
Skated quicklySPED
61.6%
Unintentional skate movementSLIP
60.8%
~ Figure Skating Jump ~~ AXEL ~
60.6%
Hint 4-Letter Word % Correct
Renaissance guitarLUTE
59.2%
~ Figure Skating Jump ~~ LOOP ~
58.6%
Now deceasedLATE
58.1%
Removed from an Olympic teamAXED
49.5%
Enclosed aft deckPOOP
47.4%
Fall into a chair or waterPLOP
47%
Clumsily mimicked another skater's styleAPED
46.9%
~ Figure Skating Jump ~~ FLIP ~
45.8%
Ungraceful face first fall on iceFLOP
45.4%
~ Figure Skating Jump ~~ LUTZ ~
42.7%

Today's Daily Dose

Missing Word
Jazz Songs 'C'

On This Day
January 18th

You're not logged in!

Compare scores with friends on all Sporcle quizzes.
Sign Up with Email
OR
Log In

You Might Also Like...

Show Comments

Extras

Top Quizzes Today


Score Distribution

Your Account Isn't Verified!

In order to create a playlist on Sporcle, you need to verify the email address you used during registration. Go to your Sporcle Settings to finish the process.